000 00437nam a2200181Ia 4500
001 24776
005 20260414151106.0
008 260414t2010||||xx |||||||||||||| ||spa||
041 _aESP
082 _a345.733
_bP43
100 _aPérez Gallardo, Leonardo B.
_eAUT
245 0 _aEnsayos de derecho notarial
_b
260 _c2010
300 _a125 páginas :
_c20 cm.
650 _aDER
654 _aCDE
942 _cLIB
_dJUS
_fJUS
_2ddc
_n
999 _c24776
_d24776